Statistiken für Tiere mit 4 Buchstaben - Bild Quiz

Klicken Sie hier um das Quiz zu spielen!

Allgemein

  • Dieses Quiz wurde 935 mal gespielt
  • Das Durchschnittsergebnis liegt bei 16 aus 18

Antwortstatistiken

Antwort% Korrekt
Löwe
100%
Wolf
100%
Hase
99%
Hund
99%
Igel
99%
Ente
98%
Esel
98%
Eule
98%
Maus
98%
Hahn
97%
Huhn
97%
Affe
96%
Pfau
95%
Lama
94%
Elch
92%
Lamm
91%
Pony
77%
Nerz
22%

Verteilung der Resultate

Perzentil nach korrekt beantworteten Fragen

Anzahl Personen mit jedem Resultat

Ihre Resultats-Entwicklung

Sie haben dieses Quiz noch nicht gespielt